Žiadna nedá viac ako môže sľúbiť Dobrý informačný systém a jasný tok peňazí
Základné otázky zdravotného poistenia upravuje zákon č.273/1994 Z.z. Štátne i neštátne zdravotné poisťovne. Fungovanie zdravotných poisťovní, ktoré sú členmi Združenia zdravotných poisťovní (okrem VšZP), umožňujú funkčné informačné systémy. Pripravovaná novela zákona č.273/1994 Z.z., ktorá môže sťaž...
Gespeichert in:
| 1. Verfasser: | |
|---|---|
| Format: | Buchkapitel |
| Sprache: | Slowakisch |
| Schlagworte: | |
| Tags: |
Keine Tags, Fügen Sie das erste Tag hinzu!
|
MARC
| LEADER | 00000naa a2200000 4500 | ||
|---|---|---|---|
| 001 | r018400 | ||
| 005 | 20221213100653.7 | ||
| 041 | 0 | |a slo | |
| 044 | |a SK | ||
| 245 | 1 | 0 | |a Žiadna nedá viac ako môže sľúbiť |b Dobrý informačný systém a jasný tok peňazí |c Dagmar Krištofičová |
| 520 | |a Základné otázky zdravotného poistenia upravuje zákon č.273/1994 Z.z. Štátne i neštátne zdravotné poisťovne. Fungovanie zdravotných poisťovní, ktoré sú členmi Združenia zdravotných poisťovní (okrem VšZP), umožňujú funkčné informačné systémy. Pripravovaná novela zákona č.273/1994 Z.z., ktorá môže sťažiť podmienky vzniku novým poisťovniam. | ||
| 610 | 2 | 0 | |a poisťovne zdravotné |
| 610 | 2 | 0 | |a poistenie zdravotné |
| 610 | 2 | 0 | |a zákony |
| 610 | 2 | 0 | |a Slovensko |
| 610 | 2 | 0 | |a 1994 |
| 100 | 1 | |a Krištofičová, Dagmar | |